• 首页
  • 本馆介绍
  • 公告通知
  • 最新文献
  • 馆藏检索
  • 电子资源
  • 读者导购
  • 参考咨询
  • 我的图书馆
  • 登录
  • 详细信息显示
  • 放入我的书架
  • 预约/预借图书
  • 作者相关作品
  • 分类相关作品
  • 丛书相关作品
  • 出版社相关作品

书目信息

  • 表格格式
  • 工作单格式
  • 卡片格式
题名:
图书馆管理与服务创新研究
    
 
作者: 孙桂梅 , 刘惠兰 , 王显运 著
分册:  
出版信息: 北京   现代出版社  2019.05
页数: 123页
开本: 21cm
丛书名:
单 册:
中图分类: G251 , G252
科图分类:
主题词: 图书馆管理--tu shu guan guan li--研究 , 图书馆服务--tu shu guan fu wu--研究
电子资源:
ISBN: 978-7-5143-7864-1
000 01022nam0 2200289 450
001 CAL 0120202962304
005 20230217093111.0
010    @a978-7-5143-7864-1@dCNY29.80
100    @a20200609d2019 em y0chiy0120 ea
101 0  @achi
102    @aCN@b110000
105    @ay a 000yy
106    @ar
200 1  @a图书馆管理与服务创新研究@Atu shu guan guan li yu fu wu chuang xin yan jiu@f孙桂梅, 刘惠兰, 王显运著
210    @a北京@c现代出版社@d2019.05
215    @a123页@d21cm
320    @a有书目
330    @a本书分三章, 我国现代图书馆管理体系的建设、我国现代图书馆行政管理、我国现代图书馆服务管理与实践。内容包括: 我国现代图书馆管理的职能与范畴 ; 我国现代图书馆管理的原理等。
606 0  @a图书馆管理@Atu shu guan guan li@x研究
606 0  @a图书馆服务@Atu shu guan fu wu@x研究
690    @aG251@v5
690    @aG252@v5
701  0 @a孙桂梅@Asun gui mei@4著
701  0 @a刘惠兰@Aliu hui lan@4著
701  0 @a王显运@Awang xian yun@4著
801  0 @aCN@bBJXHZP@c20230228
905    @b1398836-9@dG251@e52@f4
    
    图书馆管理与服务创新研究/孙桂梅, 刘惠兰, 王显运著.-北京:现代出版社,2019.05
    123页;21cm
    
    
    ISBN 978-7-5143-7864-1:CNY29.80
    本书分三章, 我国现代图书馆管理体系的建设、我国现代图书馆行政管理、我国现代图书馆服务管理与实践。内容包括: 我国现代图书馆管理的职能与范畴 ; 我国现代图书馆管理的原理等。
●
相关链接 在E读中查询图书 在五车中查询图书 在当当中查询图书 在豆瓣中查询图书


正题名:图书馆管理与服务创新研究     索取号:G251/52         预约/预借

序号 登录号 条形码 馆藏地/架位号 状态 备注
1 1398836   213988363   第一样本阅览室/ [索取号:G251/52] 在馆    
2 1398837   213988372   第四借阅区/ [索取号:G251/52] 在馆    
3 1398838   213988381   第四借阅区/ [索取号:G251/52] 在馆    
4 1398839   213988390   第四借阅区/ [索取号:G251/52] 在馆    
唐山师范学院图书馆 欢迎您!
大连网信软件有限公司© 版权所有